| 000 | 01127nam a2200265Ia 4500 | ||
|---|---|---|---|
| 003 | OSt | ||
| 005 | 20201013181939.0 | ||
| 008 | 191128s2003 ck gr 000 0dspa d | ||
| 020 | _a9588200156 | ||
| 040 |
_a CO-JMCR _c CO-JMCR |
||
| 041 | 0 | _aspa | |
| 082 | 0 | 4 |
_a986.1 / _bE778o _223 |
| 100 | 1 |
_aEspriella, Ramiro de la, _eautor _911461 |
|
| 245 | 1 | 0 |
_aOrígenes de nuestras instituciones políticas / _cRamiro de la Espriella |
| 250 | _aPrimera edición | ||
| 260 |
_aBogotá : _bUniversidad Sergio Arboleda, _c2003 |
||
| 300 |
_a330 páginas ; _c23 cm. |
||
| 500 | _aDatos biográficos del autor en contraportada. | ||
| 504 | _aBibliografía al final de cada capítulo. | ||
| 505 | 0 | _aEl legado de la historia desde Santa Marta, Rioacha y Cartagena -- Los antecedentes institucionales -- La constitución de 1811 -- Hacía 1821 -- El general Mosquera: 1861-1863 -- La constitución de 1886 -- La reforma cons | |
| 650 | 1 | 4 |
_aCiencia política _xhistoria _zColombia _911462 |
| 650 | 1 | 4 |
_aDerecho contitucional _xhistoria _zColombia _911463 |
| 650 | 1 | 4 |
_aPartidos políticos _xhistoria _zColombia _911464 |
| 942 |
_2ddc _cBK |
||
| 999 |
_c4105 _d4105 |
||